[Event "IV Niterói Chess Open 2024"]
[Site "Rio de Janeiro"]
[Date "2024.08.29"]
[Round "2"]
[Board "4"]
[White "Santiago, Yago De Moura"]
[Black "Nejanky, Maisa"]
[Result "1-0"]
[WhiteElo "2455"]
[BlackElo "1968"]
[Annotator "Chessbase"]
[PlyCount "87"]
[EventDate "2024.08.28"]
[EventRounds "7"]
[EventCountry "BRA"]

1. d4 Nf6 2. c4 e6 3. Nc3 Bb4 4. e3 O-O 5. Bd3 d5 6. Nge2 dxc4 7. Bxc4 c5 8. a3 cxd4 9. axb4 dxc3 10. Qxd8 Rxd8 11. Nxc3 Nc6 12. b5 Ne5 13. Be2 Nd3+ 14. Bxd3 Rxd3 15. e4 $146 ({RR} 15. Ke2 Rd8 16. e4 Rd4 17. Rd1 Rxd1 18. Kxd1 e5 19. Be3 a6 20. Ra5 Be6 21. bxa6 bxa6 22. f3 Bb3+ 23. Kd2 Nd7 24. Nd5 Bc4 25. Ne7+ Kf8 26. Nf5 Be6 27. Bc5+ Nxc5 28. Rxc5 Rb8 29. Kc2 g6 {½-½ Ivkov,B-Vaganian,R Vrnjacka Banja International-03 1971}) ({RR} 15. Ke2 Rd8 16. e4 Bd7 17. Be3 a6 18. bxa6 Rxa6 19. Rhd1 Rxa1 20. Rxa1 Rc8 21. Ra7 Bc6 22. f3 Ne8 23. b4 Nd6 24. Bc5 Nb5 25. Nxb5 Bxb5+ 26. Ke3 {½-½ Tregubov,P (2585)-Jakovenko,D (2704) Wch Rapid Doha 2016 (4)}) ({RR} 15. Ke2 Rd8 16. Rd1 Rxd1 17. Kxd1 Nd5 18. Nxd5 exd5 19. b6 a6 20. Ra5 Be6 21. Rc5 Rc8 {½-½ Marszalek,R-Schinzel,W POL-ch30 Gdynia 1973 (5)}) ({RR} 15. Ke2 Rd8 16. e4 Bd7 17. Rd1 Rdc8 18. Rd6 Kf8 19. f3 Ke7 20. Rd4 a6 21. bxa6 bxa6 22. Rb4 Bc6 23. Ra5 Nd7 24. Be3 {½-½ Vaisser,A (2510)-Rozentalis,E (2465) URS-ch sf Sevastopol 1986}) 15... Rd4 16. Be3 Rb4 17. b6 a6 18. O-O-O Bd7 19. Rd6 Bc6 20. Rhd1 h6 21. f3 Rc8 22. g4 Kh7 23. h4 Ne8 24. Rd8 Rxd8 25. Rxd8 g5 26. h5 f6 27. Kc2 Kg7 28. b3 Kf7 29. Bc5 Rb5 30. b4 f5 31. Nxb5 Bxb5 32. Rb8 Bc6 33. Kd3 fxg4 34. fxg4 Nf6 35. Rf8+ Kg7 36. Rc8 Bxe4+ 37. Ke3 Bd5 38. Bd4 e5 39. Bxe5 Kf7 40. Rc7+ Ke6 41. Bxf6 Kxf6 42. Rh7 Ke5 43. Rxh6 Be4 44. Re6+ 1-0

[Event "IV Niterói Chess Open 2024"]
[Site "Rio de Janeiro"]
[Date "2024.08.30"]
[Round "4"]
[Board "5"]
[White "Santiago, Yago De Moura"]
[Black "Dos Santos Junior, Haroldo Cunha"]
[Result "1-0"]
[WhiteElo "2455"]
[BlackElo "2040"]
[Annotator "Chessbase"]
[PlyCount "109"]
[EventDate "2024.08.28"]
[EventRounds "7"]
[EventCountry "BRA"]

1. d4 Nf6 2. c4 e6 3. Nc3 Bb4 4. e3 d5 5. a3 Be7 6. Nf3 O-O 7. Bd3 b6 8. cxd5 exd5 9. b4 ({RR} 9. O-O Bb7 10. b4 c6 11. Qb3 Nbd7 12. Rd1 Bd6 13. e4 dxe4 14. Nxe4 Nxe4 15. Bxe4 Nf6 16. Bg5 h6 17. Bxf6 Qxf6 18. b5 Rac8 19. Rac1 Bf4 20. Rc3 Rfe8 21. Qc2 Qe7 22. Bxc6 Red8 23. g3 Bd6 {½-½ So,W (2760)-Abdusattorov,N (2713) chess.com SpeedChess 2022 (1.33)}) ({RR} 9. O-O Bb7 10. b4 Nbd7 11. Qb3 Rb8 12. b5 Bd6 13. a4 Re8 14. Ba3 Nf8 15. Rfc1 Ne4 16. Rc2 Ng6 17. Rac1 Re6 18. Bxd6 Qxd6 19. Ne2 Re7 20. Ng3 Nxg3 21. hxg3 Rc8 22. Bf5 Ra8 23. Rc3 a5 {1-0 Perez Leiva,J (2357)-Torres Ymas,D (2148) 57th Capablanca Mem Open 2024 (1.26)}) 9... Bg4 $146 ({RR} 9... Bb7 10. Bb2 Nbd7 11. Qb3 a6 12. O-O Bd6 13. a4 Re8 14. b5 a5 15. Ba3 Bxa3 16. Qxa3 Ne4 17. Qb3 Re6 18. Rac1 Rh6 19. Ne2 Ndf6 20. Ng3 Ng4 21. Qc2 Rc8 22. Nxe4 dxe4 23. Bxe4 Nxh2 24. Rfd1 {1-0 Ruban,E-Podgaets,M URS U26-ch Rostov on Don 1967}) ({RR} 9... Bb7 10. O-O Nbd7 11. Bb2 a6 12. Qc2 Bd6 13. b5 Qe7 14. a4 a5 15. Qb3 Rfe8 16. Bf5 Nf8 17. Ba3 g6 18. Bxd6 Qxd6 19. Bb1 N8d7 20. Ba2 Re7 21. Rac1 h6 22. Rc2 Rc8 23. Rfc1 g5 24. Ne2 {1-0 Carlsson,L (2349)-Haug,J (2480) TCh-NOR Elite 2022-23 (8.56)}) ({RR} 9... Bb7 10. Bb2 Nbd7 11. O-O Re8 12. Qb3 Bd6 13. b5 Rc8 14. a4 c5 15. bxc6 Bxc6 16. Rfc1 Bb7 17. a5 Bb8 18. Bf5 Rc6 19. a6 Ba8 20. Nb5 g6 21. Bh3 Rc4 22. Nd2 Rxc1+ 23. Rxc1 h5 24. Ba3 {1-0 Simagin,V-Spassov,L Zinnowitz International DSV-02 1965 (9)}) 10. Qc2 Bxf3 11. gxf3 c5 12. bxc5 bxc5 13. dxc5 Nbd7 14. O-O Rc8 15. Na4 Nxc5 16. Nxc5 Bxc5 17. Bf5 Rc7 18. Qd3 Qe7 19. Bb2 Rb8 20. Bc3 Bd6 21. Rab1 Rxb1 22. Rxb1 g6 23. Bh3 Be5 24. Bd2 Rc4 25. Bg2 Qc5 26. Bb4 Qc6 27. Qd1 Bd6 28. Bd2 Qc7 29. h3 Qe7 30. Qb3 Rc8 31. a4 Qe5 32. Qd3 Rc4 33. a5 Qe7 34. Qb3 Qe5 35. Qb5 Rc2 36. Qd3 Rc4 37. Be1 Rc8 38. Rd1 Bf8 39. Kf1 Be7 40. Rb1 h6 41. Rd1 g5 42. Rb1 Kg7 43. Bd2 Qc7 44. Rc1 Qd8 45. Bc3 Kg8 46. Rd1 Qe8 47. Bd4 Rc7 48. Kg1 Qc6 49. Rb1 Rb7 50. Rxb7 Qxb7 51. Bf1 Nd7 52. a6 Qc7 53. Qf5 Qc6 54. Bd3 Nf8 55. Qe5 1-0

[Event "IV Niterói Chess Open 2024"]
[Site "Rio de Janeiro"]
[Date "2024.08.31"]
[Round "6"]
[White "Di Berardino, Diego Rafael"]
[Black "Mekhitarian, Krikor Sevag"]
[Result "1-0"]
[WhiteElo "2472"]
[BlackElo "2560"]
[Annotator "Chessbase"]
[PlyCount "139"]
[EventDate "2024.08.28"]
[EventRounds "7"]
[EventCountry "BRA"]

1. d4 Nf6 2. c4 e6 3. Nc3 Bb4 4. e3 O-O 5. Bd3 d5 6. Nf3 dxc4 7. Bxc4 c5 8. O-O cxd4 9. exd4 b6 10. Bd3 Bb7 11. a3 Bxc3 12. bxc3 Qc7 13. c4 Nbd7 14. Re1 h6 ({RR} 14... Ba6 15. Ne5 Nxe5 16. dxe5 Nd7 17. Bb2 Rfd8 18. Re3 g6 19. Qe2 Rac8 20. Rc1 Nc5 21. Bc2 Nb7 22. h4 Qe7 23. Re4 Na5 24. Ba4 Rc5 25. Qg4 Nxc4 26. Rexc4 Bxc4 27. Rxc4 b5 28. Rb4 bxa4 29. h5 {0-1 Narayanan,S (2533)-Manish Anto,C (2307) 14th Vojvodina Open 2024 (6.2)}) 15. Qe2 $146 ({RR} 15. a4 Rfe8 16. h3 e5 17. Nxe5 Nxe5 18. dxe5 Rxe5 19. Rxe5 Qxe5 20. Ra2 Rd8 21. Rd2 Be4 22. Bf1 Rxd2 23. Bxd2 Bc6 24. Be3 Nd7 25. Bd3 Nc5 26. Bc2 Be4 27. Bxe4 Qxe4 28. a5 Qxc4 29. axb6 axb6 {½-½ Salem,A (2682)-Erigaisi,A (2567) Goldmoney Asian Prelim rapid 2021 (13.4)}) 15... Rfe8 16. Bb2 Qf4 17. Nd2 Rad8 18. Nf1 Nb8 19. Rad1 Nc6 20. Qe3 Qxe3 21. Nxe3 Kf8 22. Bc2 Rc8 23. d5 Na5 24. Ba4 Red8 25. Bc3 exd5 26. Bb4+ Kg8 27. Be7 d4 28. Nf5 Nxc4 29. Bxd8 Rxd8 30. Rxd4 Rxd4 31. Nxd4 a6 32. Bb3 Nxa3 33. Ra1 Nb5 34. Nxb5 axb5 35. Ra7 Bd5 36. Bxd5 Nxd5 37. Rd7 Nc3 38. Rd8+ Kh7 39. Rd6 Na4 40. Kf1 h5 41. Ke1 b4 42. Rd4 Nc5 43. Kd1 b3 44. f3 g5 45. Rb4 Kg6 46. Rxb6+ f6 47. Rb5 Ne6 48. Rxb3 h4 49. Ke1 Nf4 50. Kf2 Kf5 51. Ra3 Kg6 52. Ra2 Kf5 53. Ke3 Kg6 54. Ke4 Nh5 55. Rb2 Nf4 56. Ra2 Nh5 57. Rc2 Nf4 58. g3 hxg3 59. hxg3 Nh5 60. Rg2 Ng7 61. Rb2 Nh5 62. Rg2 Ng7 63. Rg1 Nf5 64. g4 Ng7 65. Kd5 Kf7 66. Ra1 Ne8 67. Ra7+ Kg6 68. Ke6 Ng7+ 69. Ke7 f5 70. Ra6+ 1-0

[Event "IV Niterói Chess Open 2024"]
[Site "Rio de Janeiro"]
[Date "2024.08.31"]
[Round "6"]
[White "Silva, Juliana Figueira Th"]
[Black "Ferreira, Marcone Fiuza"]
[Result "1-0"]
[WhiteElo "1859"]
[BlackElo "1969"]
[Annotator "Chessbase"]
[PlyCount "145"]
[EventDate "2024.08.28"]
[EventRounds "7"]
[EventCountry "BRA"]

1. d4 Nf6 2. c4 e6 3. g3 g6 4. Bg2 Bg7 5. Nf3 O-O 6. O-O d6 7. Nc3 Nbd7 8. e4 e5 9. d5 $146 ({RR} 9. h3 c6 10. Be3 exd4 11. Nxd4 Re8 12. Qc2 a5 13. Rad1 Nc5 14. Nxc6 bxc6 15. Bxc5 dxc5 16. Rxd8 Rxd8 17. e5 Bf5 18. Qa4 Nd7 19. f4 Nb6 20. Qxc6 Nxc4 21. Qxa8 Rxa8 22. Bxa8 Bxh3 23. Bg2 Bxg2 {0-1 Wagh,S (2346)-Pichot,A (2647) Titled Tuesday intern op 19th Jul Early blitz 2022 (8)}) ({RR} 9. h3 a6 10. Re1 c6 11. d5 c5 12. a4 b6 13. Be3 Ne8 14. Qd2 Nc7 15. Rf1 Rb8 16. b3 f5 17. exf5 gxf5 18. Bh6 Qf6 19. Bxg7 Qxg7 20. Nh4 Nf6 21. Qc2 f4 22. g4 h5 23. gxh5 Bxh3 {0-1 Malyshev,G (2351)-Kamsky,G (2665) Titled Tuesday intern op 06th Apr blitz 2021 (2)}) 9... a5 10. b3 Nc5 11. Qc2 Bg4 12. h3 Bxf3 13. Bxf3 Nfd7 14. Bb2 f5 15. Bg2 f4 16. Bf3 h5 17. Kh2 Bh6 18. Bc1 Rf7 19. Ne2 Qf6 20. Rb1 Rh7 21. Kg1 Rf8 22. Bd2 b6 23. a3 Qf7 24. b4 Nb7 25. Kg2 g5 26. g4 Nf6 27. Rh1 Kg7 28. Qc3 Qg6 29. Qc2 Kh8 30. Nc3 Qf7 31. Qa4 Bg7 32. Rbg1 Rg8 33. Kf1 axb4 34. axb4 Nd8 35. Ke2 Qg6 36. Kd1 Bf8 37. gxh5 Qf7 38. Kc2 Nxh5 39. Bg4 Nf6 40. f3 Nh5 41. Be1 Rh6 42. Qd7 Qf6 43. Qxc7 Rg7 44. Qc8 Ra7 45. Kd3 Ra3 46. Bf2 Ng3 47. Bxb6 Be7 48. Kc2 Kg7 49. Bxd8 Bxd8 50. Ra1 Rxc3+ 51. Kxc3 Rh8 52. Qd7+ Kh6 53. Rh2 Bb6 54. Ra6 Rd8 55. Qe6 Bd4+ 56. Kb3 Qxe6 57. dxe6 Kg7 58. Rc6 Kf6 59. Rc7 Rb8 60. h4 Bc5 61. hxg5+ Kxg5 62. e7 d5 63. cxd5 Bxb4 64. e8=Q Rxe8 65. Kxb4 Rb8+ 66. Kc5 Nxe4+ 67. fxe4 Kxg4 68. d6 Kf3 69. Kd5 Kg3 70. Rhc2 f3 71. Rf7 Rb5+ 72. Ke6 Rb6 73. Kxe5 1-0

[Event "IV Niterói Chess Open 2024"]
[Site "Rio de Janeiro"]
[Date "2024.09.01"]
[Round "7"]
[Board "11"]
[White "Fernandes, Felipe Gambini"]
[Black "Moura, Eduardo Eugenio Chaves"]
[Result "0-1"]
[WhiteElo "1852"]
[BlackElo "2056"]
[Annotator "Chessbase"]
[PlyCount "100"]
[EventDate "2024.08.28"]
[EventRounds "7"]
[EventCountry "BRA"]

1. d4 Nf6 2. c4 g6 3. Nc3 Bg7 4. Nf3 O-O 5. Bf4 d6 6. h3 c5 7. e3 Qb6 8. Rb1 Bf5 9. Bd3 Bxd3 10. Qxd3 Nc6 11. d5 Nb4 12. Qd2 Rad8 $146 ({RR} 12... Qa6 13. a3 Qxc4 14. axb4 cxb4 15. Ne2 Nxd5 16. O-O Nxf4 17. Nxf4 Rfc8 18. Nd5 Kf8 19. Nxb4 a5 20. Nd5 Qb3 21. e4 h6 22. Nd4 Qc4 23. Rfd1 Qc5 24. b4 axb4 25. Rxb4 Ra6 26. Rxb7 Qxd4 27. Qxd4 {1-0 Moskalenko,V (2485)-Itkis,B (2440) Alushta 1997 (5)}) 13. a3 Na6 14. e4 e5 15. Be3 Qc7 16. O-O Qd7 17. b4 b6 18. bxc5 Nxc5 19. Bxc5 bxc5 20. Rb5 Rb8 21. Rfb1 Qc7 22. Qb2 Nd7 23. a4 Rxb5 24. Nxb5 Qb6 25. Qa1 Rb8 26. a5 Qa6 27. g4 Bf8 28. Kh2 Be7 29. Qa4 Kg7 30. g5 Nb6 31. Qa2 Nd7 32. h4 Bd8 33. Re1 Be7 34. Kg3 Rh8 35. Qa4 h5 36. Qa2 Rb8 37. Ng1 Qb7 38. a6 Qb6 39. Rb1 f6 40. Nf3 fxg5 41. Nxg5 Bxg5 42. hxg5 Qd8 43. Qd2 Rb6 44. Ra1 Nb8 45. Nxa7 Rb3+ 46. f3 Qd7 47. Nb5 Qg4+ 48. Kf2 Rxf3+ 49. Ke2 Ra3+ 50. Kf2 Qf3+ 0-1

[Event "IV Niterói Chess Open 2024"]
[Site "Rio de Janeiro"]
[Date "2024.08.29"]
[Round "3"]
[Board "61"]
[White "Ishida, Leopoldo Tetsuo"]
[Black "Vaz, Vania Dora Madona"]
[Result "1-0"]
[WhiteElo "1688"]
[BlackElo "1502"]
[Annotator "Chessbase"]
[PlyCount "69"]
[EventDate "2024.08.28"]
[EventRounds "7"]
[EventCountry "BRA"]

1. d4 Nf6 2. Nf3 g6 3. c4 Bg7 4. Nc3 O-O 5. Bg5 h6 6. Bh4 d6 7. e3 Qe8 8. Be2 e5 9. O-O g5 ({RR} 9... c6 10. Rc1 Nbd7 11. b4 Nh7 12. Ne4 g5 13. Nxd6 Qe6 14. Nxc8 gxh4 15. d5 cxd5 16. cxd5 Qf6 17. Rc7 Rd8 18. Qc2 e4 19. Nd4 Ng5 20. d6 Ne5 21. Ne7+ Kh8 22. Nef5 h3 23. g3 Bf8 24. Rxb7 {0-1 Bazeev,G (2380)-Richter,P (2171) Titled Tue 18th Oct Late 2022 (4)}) 10. Bg3 Nh5 $146 ({RR} 10... Nfd7 11. dxe5 dxe5 12. e4 c6 13. h4 Qe7 14. hxg5 hxg5 15. Qd2 f6 16. Rfd1 Na6 17. a3 Ndc5 18. Qe3 Nb3 19. Rab1 Nac5 20. Na4 Nxa4 21. Qxb3 Nc5 22. Qe3 a5 23. b4 axb4 24. axb4 Ne6 25. c5 {½-½ Harutyunian,T (2143)-Borisenko,A (2415) Moscow op-E 2011 (2.68)}) 11. dxe5 Nxg3 12. hxg3 dxe5 13. Qc2 c6 14. Rad1 Bg4 15. Rd2 Nd7 16. Ne4 Qe7 17. Rfd1 Nf6 18. Nxf6+ Bxf6 19. Qe4 Bh5 20. Rd7 Qe8 21. Qf5 Bg7 22. Qh3 Bg6 23. Rxb7 f5 24. Rdd7 Rf7 25. Rxf7 Bxf7 26. Qxf5 Bg6 27. Qg4 Rb8 28. Rxb8 Qxb8 29. c5 Qxb2 30. Qc8+ Bf8 31. Bc4+ Bf7 32. Bxf7+ Kxf7 33. Qf5+ Ke8 34. Nxe5 Qb7 35. Qe6+ 1-0

[Event "IV Niterói Chess Open 2024"]
[Site "Rio de Janeiro"]
[Date "2024.08.28"]
[Round "1"]
[Board "15"]
[White "Costa, Carlos Evanir"]
[Black "Fernandes, Marcio Rosa"]
[Result "1-0"]
[WhiteElo "2190"]
[BlackElo "1798"]
[Annotator "Chessbase"]
[PlyCount "75"]
[EventDate "2024.08.28"]
[EventRounds "7"]
[EventCountry "BRA"]

1. d4 Nf6 2. Nf3 g6 3. c4 Bg7 4. Nc3 d6 5. g3 c6 6. Bg2 O-O 7. O-O Bg4 8. Qc2 d5 ({RR} 8... Qb6 9. Rd1 Na6 10. e4 Nd7 11. Be3 Nc7 12. h3 Bxf3 13. Bxf3 Qa6 14. Be2 c5 15. dxc5 Nxc5 16. b4 Bxc3 17. Qxc3 Nxe4 18. Qb2 Rfd8 19. Bf3 d5 20. cxd5 Nd6 21. Qe5 Rd7 22. Bd4 f6 23. Qe1 {1-0 Dorfman,J (2575)-Ebalard,M (2245) FRA-chT France 1991}) ({RR} 8... Nbd7 9. e4 a6 10. Re1 e6 11. b3 Qc7 12. Bb2 Rab8 13. Rad1 Rfc8 14. h3 Bxf3 15. Bxf3 Ne8 16. Re2 Nf8 17. Bg2 a5 18. f4 h6 19. Qd3 b6 20. e5 Qb7 21. Ba3 Qa6 22. exd6 Nxd6 23. Bxd6 {1-0 Matlocha,L (1650)-Rychlik,Z (1686) Ceske Budejovice op-B 2022 (9)}) 9. cxd5 $146 ({RR} 9. Qb3 dxc4 10. Qxb7 Qb6 11. Qxe7 Na6 12. Ne5 Nb4 13. Nxc4 Qxd4 14. Qxb4 c5 15. Qa4 Bd7 16. Nb5 Bxb5 17. Qxb5 Rab8 18. Qa6 Rb4 19. Ne3 c4 20. Nc2 Qc5 21. Nxb4 Qxb4 22. Qxa7 Ng4 23. Qb7 Qa4 {1-0 Meleg,V-Johnson,F (1788) World Amateur-ch 2013 (5)}) 9... cxd5 10. Qb3 Nc6 11. Qxb7 Bxf3 12. Qxc6 Bxg2 13. Kxg2 Rc8 14. Qb5 h5 15. f3 e6 16. Qd3 Rc4 17. b3 Rc6 18. Ba3 Re8 19. Rac1 Nd7 20. Na4 Qc8 21. Rxc6 Qxc6 22. Rc1 Qb7 23. Nc5 Qc6 24. e3 e5 25. Nxd7 Qxd7 26. dxe5 Bxe5 27. Bc5 h4 28. g4 Bb8 29. Bd4 Qd6 30. f4 Qe6 31. Kh3 g5 32. fxg5 Qd6 33. Rc2 Re4 34. Qf1 Qe6 35. Qf5 Qxf5 36. gxf5 Be5 37. Rc8+ Kh7 38. Re8 1-0

[Event "IV Niterói Chess Open 2024"]
[Site "Rio de Janeiro"]
[Date "2024.08.29"]
[Round "2"]
[Board "50"]
[White "Fernandes, Marcio Rosa"]
[Black "Da Silva, Rodrigo Haydt"]
[Result "1-0"]
[WhiteElo "1798"]
[BlackElo "1504"]
[Annotator "Chessbase"]
[PlyCount "103"]
[EventDate "2024.08.28"]
[EventRounds "7"]
[EventCountry "BRA"]

1. c4 Nf6 2. Nc3 g6 3. g3 Bg7 4. Bg2 O-O 5. Nf3 d6 6. O-O Nbd7 7. d4 Re8 8. e4 ({RR} 8. d5 Nb6 9. Nd2 Bd7 10. Rb1 c6 11. b3 e6 12. dxc6 Bxc6 13. e4 d5 14. c5 Nbd7 15. b4 d4 16. Ne2 Bb5 17. a4 Bd3 18. Rb3 Bxe2 19. Qxe2 a5 20. Ba3 axb4 21. Bxb4 Bf8 22. Rc1 Rxa4 {½-½ Urban,K (2467)-Kempinski,R (2528) POL-ch 57th Plock 2000 (5)}) 8... c5 9. d5 ({RR} 9. h3 a6 10. e5 Nh5 11. g4 cxd4 12. Ne4 dxe5 13. gxh5 f5 14. Neg5 Qb6 15. hxg6 h6 16. Nh4 hxg5 17. Bxg5 Nf6 18. c5 Qxb2 19. Bxf6 exf6 20. Bd5+ Kf8 21. Qh5 Qd2 22. Nxf5 Qg5+ 23. Qxg5 fxg5 {1-0 Kazakouski,V (2564)-Ostensen,N (2280) Titled Tue 10th Oct Early 2023 (2)}) 9... a6 10. Re1 $146 ({RR} 10. a4 Nb6 11. Qd3 Bg4 12. Nd2 Qc8 13. a5 Nbd7 14. f4 Nf8 15. Na4 Qc7 16. h3 Bd7 17. Nc3 e6 18. Nb3 exd5 19. exd5 Bf5 20. Qd2 Ne4 21. Nxe4 Bxe4 22. Bxe4 Rxe4 23. Qc2 Rae8 24. Bd2 Qc8 {0-1 Rous,D (1732)-Ta,V (1495) CZE-ch U12 Sec u Chrudimi 2008 (1)}) 10... Rb8 11. e5 dxe5 12. Nxe5 Nxe5 13. Rxe5 b5 14. Bf4 Rb6 15. h3 Nh5 16. Rxh5 gxh5 17. Qxh5 Qd7 18. g4 f5 19. g5 bxc4 20. Re1 e5 21. dxe6 Rexe6 22. Rxe6 Rxe6 23. Bd5 Qf7 24. Qd1 Kh8 25. Bxc4 Qg6 26. Bxe6 Qxe6 27. Qd8+ Qg8 28. Qxg8+ Kxg8 29. Bd6 Bd4 30. Kg2 Kf7 31. f4 Kg6 32. Kg3 Kh5 33. Nd1 Bd7 34. h4 Bb5 35. Be5 Be2 36. Nc3 Bxc3 37. Bxc3 Kg6 38. a3 c4 39. Be1 Bd3 40. Kf3 Kh5 41. Ke3 Bf1 42. Kd4 Kg4 43. Ke5 Bd3 44. Bd2 Kxh4 45. Kf6 Be2 46. Kg7 Bh5 47. Kxh7 Be8 48. g6 Bxg6+ 49. Kxg6 Kg4 50. a4 Kf3 51. Kxf5 Ke2 52. Bc3 1-0

[Event "IV Niterói Chess Open 2024"]
[Site "Rio de Janeiro"]
[Date "2024.09.01"]
[Round "7"]
[Board "30"]
[White "Araujo, Barbara Ribeiro"]
[Black "Santos, Abel Cardoso Dos"]
[Result "0-1"]
[WhiteElo "1781"]
[BlackElo "1923"]
[Annotator "Chessbase"]
[PlyCount "100"]
[EventDate "2024.08.28"]
[EventRounds "7"]
[EventCountry "BRA"]

1. c4 Nf6 2. g3 g6 3. Nc3 Bg7 4. Bg2 c6 5. d4 d6 6. Nf3 O-O 7. O-O Nbd7 8. e4 e5 9. h3 a5 10. Re1 Qe7 11. Qc2 ({RR} 11. Bg5 h6 12. Be3 exd4 13. Nxd4 Nc5 14. Nb3 Nfd7 15. Nxc5 Nxc5 16. Qd2 Be6 17. b3 Kh7 18. Bd4 Qg5 19. Qxg5 hxg5 20. Bxg7 Kxg7 21. Rad1 Rfd8 22. Bf1 Rd7 23. Rd2 Rh8 24. g4 Kf6 25. Rxd6 Rxd6 {½-½ Muse,D (2350)-Ljubicic,F (2396) Cvitanovic Memorial 04th 1999 (1)}) 11... exd4 ({RR} 11... h6 12. Be3 Ne8 13. c5 dxc5 14. dxc5 Nc7 15. Na4 Ne6 16. Red1 Re8 17. Rac1 Kh7 18. Bf1 Nd4 19. Nxd4 exd4 20. Bf4 Qxe4 21. Bd3 Qe6 22. h4 Ne5 23. Be4 Qxa2 24. h5 Qe6 25. hxg6+ Nxg6 26. Re1 {1-0 Charochkina,D (2301)-Gaboyan,S (2179) World Blitz Women 2023 (8.26)}) 12. Nxd4 Ne5 $146 ({RR} 12... d5 13. cxd5 Nxd5 14. Nxd5 cxd5 15. Nb5 Qb4 16. Qe2 dxe4 17. Bd2 Qxb2 18. Reb1 Qc2 19. Bxe4 Re8 20. Nd6 Rxe4 21. Nxe4 Ne5 22. Rc1 Qd3 23. Qxd3 Nxd3 24. Rxc8+ Rxc8 25. Rb1 Rc2 26. Rxb7 h5 27. Rb8+ {1-0 Devcic,D-Tomerlin,S CRO-chT2 Tucepi 1996}) ({RR} 12... Re8 13. Bf4 Nh5 14. Be3 Nc5 15. Rad1 a4 16. g4 Nf6 17. Bf4 Nfd7 18. Bg3 Ne5 19. Nce2 {½-½ Fischer,R (2105)-Winter,L Bad Wildungen op 1998 (4)}) 13. Qe2 c5 14. Ndb5 Nc6 15. Bf4 Nd4 16. Nxd4 cxd4 17. Nb5 Ne8 18. Rad1 a4 19. Nxd4 Ra6 20. Rd2 Nc7 21. Be3 Ne6 22. b4 axb3 23. axb3 Re8 24. f3 Bd7 25. b4 Ra4 26. Rb1 Rc8 27. Bf1 Nxd4 28. Bxd4 Bxd4+ 29. Rxd4 Be6 30. Qd1 Ra2 31. Qc1 Qf6 32. Qe3 b5 33. Rc1 Bxc4 34. Bxc4 bxc4 35. Qc3 Ra3 36. Qxa3 Qxd4+ 37. Kf1 c3 38. b5 Qd3+ 39. Kf2 Qd2+ 40. Kf1 c2 41. b6 Rc3 42. b7 Qd3+ 43. Kg1 Qe3+ 44. Kg2 Qxf3+ 45. Kg1 Qe3+ 46. Kg2 Qxg3+ 47. Kf1 Qxh3+ 48. Kg1 Rg3+ 49. Qxg3 Qxg3+ 50. Kh1 Qb3 0-1

[Event "IV Niterói Chess Open 2024"]
[Site "Rio de Janeiro"]
[Date "2024.08.29"]
[Round "2"]
[Board "7"]
[White "Dias, Matheus Braga"]
[Black "Perdomo, Leandro"]
[Result "1/2-1/2"]
[WhiteElo "1953"]
[BlackElo "2359"]
[Annotator "Chessbase"]
[PlyCount "49"]
[EventDate "2024.08.28"]
[EventRounds "7"]
[EventCountry "BRA"]

1. d4 Nf6 2. c4 g6 3. Nc3 Bg7 4. Nf3 d6 5. g3 O-O 6. Bg2 Nbd7 7. O-O e5 8. e4 c6 9. h3 Re8 10. Be3 exd4 11. Nxd4 Nc5 12. Qc2 a5 13. Rad1 Nfd7 14. Kh2 ({RR} 14. Nde2 Qe7 15. Rfe1 Ne5 16. b3 Bxh3 17. Bxh3 Nf3+ 18. Kf1 Nxe1 19. Kxe1 a4 20. Bg2 axb3 21. axb3 Ra3 22. b4 Nd7 23. f4 f5 24. Qb2 Rea8 25. Bd4 Bxd4 26. Nxd4 Nf6 27. Nc2 R3a7 28. Ne3 fxe4 {1-0 Nogueiras Santiago,J (2490)-Vogt,L (2510) Capablanca Memorial-18 Group B 1983}) ({RR} 14. Rd2 a4 15. Rfd1 Qa5 16. f4 Qb4 17. b3 axb3 18. axb3 Nf6 19. Kh2 Bg4 20. Rb1 Bd7 21. Nde2 Bf8 22. Bd4 Nh5 23. g4 Ng7 24. f5 Na6 25. Na2 Qa5 26. b4 Qc7 27. Kh1 c5 28. bxc5 Nxc5 {0-1 Daeschler,F (2219)-Gormally,D (2470) Titled Tuesday intern op 07th Jun Early blitz 2022 (4)}) 14... a4 15. b3 $146 ({RR} 15. f4 Qb6 16. Rfe1 Qb4 17. Bf1 Nf6 18. Bf2 a3 19. b3 Bd7 20. Bg2 Rad8 21. Bf3 h5 22. Re2 Qa5 23. Be1 Qc7 24. b4 Ne6 25. Nb3 Bc8 26. Bf2 g5 27. f5 g4 28. Bg2 Ng5 29. h4 Nf3+ {0-1 Cuevas Araya,W (2213)-Diaz Villagran,R (2330) Santiago Endesa 01 2010 (3)}) ({RR} 15. Rfe1 Qa5 16. f3 Ne5 17. Bf1 Be6 18. Nb1 Bc8 19. f4 Ned7 20. Bf2 Qb4 21. a3 Qa5 22. Nc3 Nf8 23. Re3 Nfe6 24. Nf3 Qc7 25. Re2 Nf8 26. e5 Bf5 27. Qd2 Qa5 28. Qxd6 Nfe6 29. Qd2 Nb3 {½-½ Seibicke,R (2103)-Boehm,C (2018) Oberliga Ost-A 1617 2016 (6.8)}) ({RR} 15. Rfe1 Qa5 16. Nde2 Ne5 17. Nb1 Qb4 18. Nd2 Ned3 19. Bxc5 Nxc5 20. Nc3 a3 21. Ndb1 Qxb2 22. Rd2 Qxc2 23. Rxc2 Be6 24. Ne2 Nd3 25. Rf1 Nb4 26. Rd2 Bxc4 27. f4 Nxa2 28. Re1 Bxe2 29. Rexe2 Nc3 {1-0 Berend,E (2326)-Vasquez Schroder,R (2441) Speed Chess Super Swiss blitz 2020 (12)}) 15... Qa5 16. Nde2 axb3 17. axb3 Qb4 18. Rb1 Nf8 19. Bd4 Bxd4 20. Nxd4 Nfe6 21. Rfd1 Ra3 22. Nce2 Nxd4 23. Nxd4 Ne6 24. Qd2 Qb6 25. Qb2 1/2-1/2

[Event "IV Niterói Chess Open 2024"]
[Site "Rio de Janeiro"]
[Date "2024.08.30"]
[Round "4"]
[Board "54"]
[White "Dos Santos, Thiago L Verbicario"]
[Black "Da Silva, Rodrigo Haydt"]
[Result "1-0"]
[WhiteElo "1897"]
[BlackElo "1504"]
[Annotator "Chessbase"]
[PlyCount "60"]
[EventDate "2024.08.28"]
[EventRounds "7"]
[EventCountry "BRA"]

1. d4 Nf6 2. c4 g6 3. Nc3 Bg7 4. e4 d6 5. Bd3 e5 6. d5 O-O 7. Nge2 Nbd7 8. O-O Nc5 9. Bc2 a5 10. f3 Nh5 11. g4 ({RR} 11. Be3 f5 12. exf5 gxf5 13. Kh1 Qh4 14. b3 Bd7 15. Qd2 Qe7 16. Rad1 b6 17. Rg1 Kh8 18. a3 Rae8 19. b4 Nb7 20. g4 fxg4 21. fxg4 Nf4 22. Nxf4 exf4 23. Bd4 Be5 24. Rdf1 Qg7 25. Bxe5 dxe5 {½-½ Wilk,I (1768)-Kania,F (1528) Krakow Winter op-A 2022 (3)}) 11... Nf6 12. Ng3 ({RR} 12. Be3 h5 13. h3 hxg4 14. fxg4 Bxg4 15. hxg4 Nxg4 16. Bxc5 Qh4 17. Rf3 dxc5 18. Qe1 Qh2+ 19. Kf1 Ra6 20. Qg3 Qh1+ 21. Ng1 Nh2+ 22. Ke2 Nxf3 23. Qxf3 Qh2+ 24. Qf2 Qh5+ 25. Nf3 f5 26. Qg2 Rb6 {0-1 Miton,K (2601)-Korobov,A (2693) EU-ch blitz Wroclaw 2014 (8)}) 12... b6 $146 ({RR} 12... c6 13. Be3 cxd5 14. cxd5 b6 15. Qd2 Ba6 16. Rfb1 Qc7 17. Bh6 Ne8 18. h4 Rc8 19. Rc1 Qe7 20. Kg2 f6 21. h5 Bxh6 22. Qxh6 Qg7 23. Qd2 Kf7 24. Nd1 Nc7 25. Ne3 Nb5 26. Nc4 Rb8 27. a4 {0-1 Zoern,F (1809)-Stegemann,N (1959) Muensterland Verbandsklasse-B 0203 2002 (7.4)}) ({RR} 12... Bd7 13. Be3 b6 14. Kg2 Kh8 15. h4 Nxg4 16. fxg4 Qxh4 17. Rh1 Qxg4 18. Qg1 Bc8 19. Qh2 h5 20. Bd1 Qd7 21. Nxh5 Qh3+ 22. Qxh3 Bxh3+ 23. Rxh3 {1-0 Georgiev,V (2540)-Murli,A (1896) Bresso op 6th 2007 (2)}) ({RR} 12... Ne8 13. Be3 b6 14. Qd2 Bd7 15. b3 Qe7 16. a3 f5 17. exf5 gxf5 18. Bxc5 dxc5 19. Bxf5 Nd6 20. Bxd7 Qxd7 21. Nce4 a4 22. Nxd6 cxd6 23. Rab1 Rf4 24. Ne4 axb3 25. Rxb3 Ra4 26. Rxb6 Rxa3 27. Rb8+ {1-0 Pataki,G (2347)-Magyar,A (2100) HUN-chT 0102 2001 (4)}) 13. a3 Ba6 14. Qe2 Qd7 15. Be3 Rab8 16. b4 Qe7 17. bxc5 bxc5 18. Rab1 h5 19. gxh5 Nxh5 20. Nxh5 gxh5 21. Bd3 f6 22. Kh1 Rxb1 23. Rxb1 Kf7 24. Qg2 Rg8 25. Rg1 Qf8 26. Qg6+ Ke7 27. Qxh5 Rh8 28. Qg6 Rg8 29. Bh6 Qf7 30. Qxg7 Rxg7 1-0